Opčné obchody

Princípy opčných obchodov. Pojem opcia. Základné opčné pozície. Kombinované opčné pozície (spread, butterfly, straddle, strangle). Upozornenie na riziká, ktoré vznikajú účastníkom opčných obchodov. Faktory ovplyvňujúce hodnotu opčnej prémie.

Guardado en:
Detalles Bibliográficos
Autor principal: Musílek, Petr
Formato: Capítulo de libro
Lenguaje:eslovaco
Materias:
Etiquetas: Agregar Etiqueta
Sin Etiquetas, Sea el primero en etiquetar este registro!

MARC

LEADER 00000naa a2200000 4500
001 r034569
005 20230809075006.0
041 0 |a slo 
044 |a SK 
245 1 0 |a Opčné obchody  |c Petr Musílek 
520 |a Princípy opčných obchodov. Pojem opcia. Základné opčné pozície. Kombinované opčné pozície (spread, butterfly, straddle, strangle). Upozornenie na riziká, ktoré vznikajú účastníkom opčných obchodov. Faktory ovplyvňujúce hodnotu opčnej prémie. 
610 2 0 |a obchody opčné 
610 2 0 |a opcie 
610 2 0 |a trh mimoburzový 
610 2 0 |a riziko 
610 2 0 |a aktíva 
610 2 0 |a hodnota 
100 1 |a Musílek, Petr